| 000 | 00519nam a2200193 a 4500 | ||
|---|---|---|---|
| 001 | 4047 | ||
| 003 | CO-ViMGA | ||
| 008 | 141112s2004 ck r 000 u spa d | ||
| 040 |
_aCO-ViMGA _bspa _cCO-ViMGA |
||
| 082 | 0 | 4 | _a863.3 T373 |
| 100 | 1 |
_aTeresa de Jesús, Santa _954393 |
|
| 245 | 1 | 0 | _aLas moradas del castillo interior |
| 260 |
_a(Madrid) : _bM.E., _c1994 |
||
| 300 | _a168 p | ||
| 490 | _aClásicos de ciempre, 71 | ||
| 650 | 1 | 4 | _aLITERATURA RELIGIOSA |
| 650 | 1 | 4 |
_aNARRATIVA ESPAÑOLA _954395 |
| 942 |
_2ddc _cBK |
||
| 999 |
_c16063 _d16063 |
||